Statistics for Premier League 2022-2023 Top scorers

Click here to take the quiz!

General Stats

  • This quiz has been taken 62 times
  • The average score is 10 of 11

Answer Stats

GoalsNationalityClubPlayer% Correct
36NorwayManchester CityErling Haaland
100%
30EnglandTottenham HotspurHarry Kane
100%
19EgyptLiverpoolMohamed Salah
100%
17EnglandManchester UnitedMarcus Rashford
98%
15BrazilArsenalGabriel Martinelli
96%
14EnglandArsenalBukayo Saka
95%
20EnglandBrentfordIvan Toney
95%
15NorwayArsenalMartin Ødegaard
95%
14SerbiaFulhamAleksandar Mitrović
91%
15EnglandAston VillaOllie Watkins
89%
18EnglandNewcastle UnitedCallum Wilson
80%

Score Distribution

Percentile by Number Answered

Percent of People with Each Score

Your Score History

You have not taken this quiz